| 000 | 00523nam a2200157 i 4500 | ||
|---|---|---|---|
| 001 | 61148 | ||
| 003 | ES-MaACL | ||
| 005 | 20230906164401.0 | ||
| 007 | t| | ||
| 008 | 031110s1932 xxu ||||1| eng d | ||
| 100 | 1 |
_aEttinger, Amos Aschbach. _948296 |
|
| 245 | 1 | 4 |
_aThe mission to Spain of Pierre Soulé, 1853-1855 _b: a study in the Cuban Diplomacy of the United States / _cby Amos Aschbach Ettinger. |
| 260 |
_aNew Haven : _bYale University Press, _c1932. |
||
| 300 |
_aXI, 559 p. ; _c22 cm. |
||
| 852 |
_aES-MaACL _jA-3504 |
||
| 999 |
_c61148 _d61148 |
||